000 01302nam0a2200349 4500
001 RU\NLR\BIBL_A\012148012
005 20191212172203.0
010 _a978-5-3590-1221-8
021 _aRU
_bАЛ-П-19-00934и
_9АЛ-П-19-0176
035 _a(NLR Aleph) 012148012
035 _a(RuMoRGB)010160283
090 _a12133140
_c12133140
100 _a20191128d2019 u y0rusy50 ca
101 0 _arus
102 _aRU
105 _aac||z|||001zy
200 1 _aЭдвард Мунк. Эстетика художника
_e[альбом]
210 _aМосква
_cВоскресный день
_cПечатная слобода
_d[2019]
215 _a62, [1] с.
_cил., цв. ил., портр.
_d31
225 1 _aМастера живописи
_iЗолотой фонд
320 _aУказ. произведений в конце кн.
333 _a16+
517 1 _aЭстетика художника
600 1 _aМунк
_bЭ.
_f1863 - 1944
_gЭдвард
_jАльбомы
_9907412
_3RU\NLR\AUTH\66330769
686 1 _aЩ143(4Нр)6-8Мунк я61
686 1 _aЩ153(4Нр)6-8Мунк я61
700 1 _aМунк
_bЭ.
_f1863-1944
_gЭдвард
942 _cBOOK
980 _aNB